[Event "14th HZ Open"]
[Site "Vlissingen NED"]
[Date "2010.08.08"]
[Round "2"]
[White "Kahleys,K"]
[Black "Guidarelli,L"]
[Result "1/2-1/2"]
[WhiteElo "2071"]
[BlackElo "2433"]

1.Nf3 Nf6 2.c4 c5 3.Nc3 e6 4.e4 d6 5.d4 cxd4 6.Nxd4 b6 7.g3 Bb7 8.Bg2 Nbd7
9.O-O a6 10.Qe2 Rc8 11.Nxe6 fxe6 12.e5 Bxg2 13.exf6 Qxf6 14.Kxg2 Be7 15.Bd2 O-O
16.b3 Rfe8 17.Rfe1 Bf8 18.Rad1 Qf7 19.Bf4 e5 20.Be3 b5 21.Ne4 bxc4 22.Nxd6 Bxd6
23.Rxd6 cxb3 24.axb3 Nf8 25.b4 Qb7+ 26.Kg1 Qxb4 27.Rxa6 Qc4 28.Qxc4+  1/2-1/2

[Event "Negroponte Open"]
[Site "Chalkis GRE"]
[Date "2010.08.09"]
[Round "1"]
[White "Yakovich,Yur"]
[Black "Amato,G"]
[Result "1-0"]
[WhiteElo "2570"]
[BlackElo "2017"]

1.c4 c5 2.Nf3 Nf6 3.Nc3 d5 4.cxd5 Nxd5 5.g3 Nc6 6.Bg2 Nc7 7.O-O e5 8.d3 Be7
9.Nd2 Bd7 10.Nc4 O-O 11.Bxc6 Bxc6 12.Nxe5 Be8 13.a4 Kh8 14.e4 f6 15.Nc4 Qc8
16.Be3 Qh3 17.Qe2 Rd8 18.Rad1 f5 19.f3 b6 20.Qg2 Qh5 21.g4 fxg4 22.fxg4 Qh4
23.Ne5 Kg8 24.Rxf8+ Kxf8 25.Nf3 Qf6 26.Qg3 Qc6 27.d4 cxd4 28.Nxd4 Qd6 29.Bf4 Qc5
30.Qf2 Kg8 31.Bxc7 Qxc7 32.Nd5 Qd7 33.Kh1 Bc5 34.b4 Qxg4 35.Re1 Bg6 36.Qf3 Qxf3+
37.Nxf3 Bf8 38.b5 Bxe4 39.Rxe4 Rxd5 40.Re8 Rd1+ 41.Kg2 Rd7 42.Ne5 Re7 43.Rxe7 Bxe7
44.Nc6 Kf7 45.Nxa7 Ke6 46.Nc6 Bf6 47.a5 bxa5 48.b6 Bg5 49.Kf3 Bd8 50.Nxd8+ Kd7
51.Nb7 Kc6 52.Nxa5+ Kxb6 53.Nc4+ Kc6 54.Ne3 Kd7 55.Nf5 g6 56.Nh6 Ke7 57.Kf4 Kf6
58.Ng4+ Kg7 59.Kg5 h5 60.Ne5 Kh7 61.Nxg6 h4 62.Nxh4 Kg7 63.Nf5+ Kh7 64.h4 Kh8
65.Kg6 Kg8 66.h5 Kh8 67.h6 Kg8 68.Nd6  1-0

[Event "7th Marques Prol"]
[Site "Santos BRA"]
[Date "2010.08.09"]
[Round "1"]
[White "Martins,Vin"]
[Black "Sega,C"]
[Result "0-1"]
[WhiteElo "2250"]
[BlackElo "2293"]

1.Nf3 Nf6 2.c4 c5 3.Nc3 e6 4.g3 b6 5.Bg2 Bb7 6.O-O Be7 7.d4 cxd4 8.Qxd4 O-O
9.Rd1 d6 10.e4 Nc6 11.Qe3 Qb8 12.b3 Re8 13.Bb2 Nd7 14.Qe2 a6 15.Ne1 Bf8 16.Nc2 Qc7
17.f4 Rad8 18.Ne3 Nc5 19.Qh5 Nb4 20.Ba3 Ncd3 21.Bf1 d5 22.Bxd3 Nxd3 23.Bxf8 Rxf8
24.Rxd3 d4 25.Ne2 dxe3 26.Rxe3 Rd2 27.a4 f5 28.Nc3 Qc5 29.Re1 Rd3 30.Nd1 Rxb3
31.Qe2 fxe4 32.Nf2 Rxe3 33.Qxe3 Rc8 34.Qxc5 Rxc5 35.Ng4 Rxc4 36.Ne5 Rxa4
37.Rc1 h5 38.Rc7 Bd5 39.Kf2 Ra2+ 40.Ke3 Rxh2 41.f5 exf5 42.Rc8+ Kh7 43.Kf4 Rg2
44.Rd8 Bb3 45.Rd6 a5 46.Rxb6 a4 47.Ra6 e3 48.Nf3 Bd5 49.Ng5+ Kh8 50.Rd6 e2
51.Rd8+ Bg8 52.Nf3 Rf2 53.Re8 Kh7 54.Ke3 Rxf3+ 55.Kxf3 Bc4 56.Kf2 a3 57.Ra8 a2
58.Ra4 f4 59.gxf4 h4 60.Ra3 Kg6 61.Ra5 h3 62.Rg5+ Kf6 63.Rg1 Bd3 64.f5 h2  0-1

[Event "Bicentenario GM"]
[Site "Villa Martelli ARG"]
[Date "2010.08.10"]
[Round "7"]
[White "Morovic Fernandez,I"]
[Black "Diaz Hollemaert,N"]
[Result "1-0"]
[WhiteElo "2566"]
[BlackElo "2474"]

1.Nf3 c5 2.c4 Nf6 3.Nc3 e6 4.g3 b6 5.Bg2 Bb7 6.O-O Be7 7.b3 O-O 8.Bb2 d5
9.cxd5 Nxd5 10.Nxd5 Bxd5 11.Rc1 Nd7 12.d4 Rc8 13.Qd3 cxd4 14.Bxd4 Nf6 15.Rfd1 Rxc1
16.Rxc1 Qa8 17.Ng5 g6 18.Bxf6 Bxf6 19.Bxd5 exd5 20.Nf3 Qb7 21.Qc2 Qe7 22.e3 h5
23.h4 Kg7 24.Kg2 Rd8 25.Qc7 Rd7 26.Qb8 Rd8 27.Qf4 Rd6 28.Rc8 a5 29.a4 Rd8
30.Rc6 Bb2 31.Rxb6 Qe4 32.Qxe4 dxe4 33.Ng5 Rd7 34.Nxe4 Ba3 35.Rb8 Bb4 36.Kf3 Rd3
37.Rb7 Rxb3 38.Ng5 Ra3 39.Nxf7 Kf6 40.Ng5 Rxa4 41.Ra7 Ra2 42.Ke4 Be7 43.Ra6+ Kg7
44.Ra7 Kf8 45.Ne6+ Ke8 46.Nf4 a4 47.Nxg6 Bc5 48.Ra8+ Kd7 49.Kd5 Bb6 50.Ne5+ Kc7
51.Nc4 Rxf2 52.Rxa4 Rf3 53.Ra6  1-0

[Event "7th Marques Prol"]
[Site "Santos BRA"]
[Date "2010.08.11"]
[Round "4"]
[White "Sega,C"]
[Black "Larrea,M"]
[Result "0-1"]
[WhiteElo "2293"]
[BlackElo "2303"]

1.c4 Nf6 2.Nc3 c5 3.Nf3 b6 4.g3 Bb7 5.Bg2 e6 6.O-O d6 7.Re1 Nbd7 8.e4 a6
9.d4 cxd4 10.Nxd4 Qc7 11.Be3 Be7 12.f4 h5 13.h3 O-O 14.Rc1 Rfe8 15.f5 Bf8
16.Bg5 g6 17.fxe6 fxe6 18.Nd5 exd5 19.cxd5 Qd8 20.Ne6 Rxe6 21.dxe6 Ne5 22.Qb3 Kg7
23.Be3 b5 24.Bd4 Rc8 25.Rcd1 Qc7 26.Rf1 Be7 27.Bxe5 dxe5 28.Rxf6 Kxf6 29.Qf3+ Kxe6
30.h4 Bc5+ 31.Kh2 Rf8 32.Qc3 Rf2 33.Kh1 Rxg2 34.Kxg2 Bxe4+ 35.Kh2 Qb6 36.b4 Bg1+
37.Rxg1 Qf2+ 38.Kh3 Bf5+  0-1

[Event "49th WJun"]
[Site "Chotowa POL"]
[Date "2010.08.12"]
[Round "9"]
[White "Bindrich,F"]
[Black "Cordova,E"]
[Result "0-1"]
[WhiteElo "2522"]
[BlackElo "2560"]

1.Nf3 Nf6 2.c4 c5 3.Nc3 b6 4.g3 Bb7 5.Bg2 g6 6.O-O Bg7 7.d4 cxd4 8.Qxd4 O-O
9.Qh4 d6 10.Bh6 Nbd7 11.Rac1 Rc8 12.b3 a6 13.Rfd1 Rc7 14.Bh3 Bxf3 15.exf3 Qa8
16.Bxg7 Kxg7 17.Bg2 b5 18.g4 Qa7 19.g5 Ng8 20.Nd5 Rcc8 21.Qd4+ Qxd4 22.Rxd4 bxc4
23.bxc4 Rb8 24.Rd2 Rfc8 25.f4 Rc5 26.Bh3 Nb6 27.Ne3 Rd8 28.Rb2 Na8 29.Bg4 e6
30.Rb7 Nc7 31.Rd1 Ne7 32.h4 h5 33.Bf3 a5 34.Kg2 Kf8 35.Kg3 d5 36.f5 gxf5
37.cxd5 exd5 38.Bxh5 d4 39.Ng2 Rc3+ 40.f3 Ne6 41.Nf4 Nxf4 42.Kxf4 d3 43.Kg3 d2
44.Rb2 Rcd3 45.Rb7 Nd5 46.Rxf7+ Kg8 47.Ra7 Ne3 48.Bf7+ Kf8 49.g6 R3d7 50.Rxd2 Nf1+
51.Kf4 Nxd2 52.Rxa5 Kg7 53.Rxf5 Rd3 54.Kg4 R8d4+ 55.f4 Ne4 56.Ra5 Nf6+ 57.Kg5 Rg3+
58.Kf5 Rf3 59.Ra7 Rfxf4+ 60.Ke5 Rde4+ 61.Kd6 Ra4 62.Rb7 Rab4 63.Rc7 Rxh4
64.a4 Kh6 65.a5 Rhd4+ 66.Kc6 Rd1 67.Ra7 Rc1+ 68.Kd6 Ne4+ 69.Ke7 Ra1 70.a6 Rb6
71.Ra8 Nf6 72.Be6 Kg7 73.Bc8 Re1+  0-1

[Event "7th Marques Prol"]
[Site "Santos BRA"]
[Date "2010.08.13"]
[Round "7"]
[White "Barbosa,E"]
[Black "Sega,C"]
[Result "1/2-1/2"]
[WhiteElo "2279"]
[BlackElo "2293"]

1.Nf3 Nf6 2.c4 c5 3.Nc3 e6 4.g3 b6 5.Bg2 Bb7 6.O-O d6 7.d4 cxd4 8.Qxd4 a6
9.Rd1 Nbd7 10.e4 Qc7 11.b3 Rc8 12.Ba3 Nc5 13.e5 dxe5 14.Qxe5 Ncd7 15.Qxc7 Rxc7
16.Bxf8 Rxf8 17.Rd3 Ke7 18.Rad1 Rfc8 19.Re3 b5 20.Nd5+ Nxd5 21.cxd5 Rc1 22.Rxc1 Rxc1+
23.Ne1 Nc5 24.dxe6 Bxg2 25.Kxg2 Nxe6  1/2-1/2

[Event "XI Miquel Mas Open"]
[Site "Figueres ESP"]
[Date "2010.08.14"]
[Round "5"]
[White "Colls Gelaberto,E"]
[Black "Sanchez Urpi,O"]
[Result "0-1"]
[WhiteElo "2247"]
[BlackElo "1911"]

1.Nf3 Nf6 2.c4 c5 3.Nc3 g6 4.d4 cxd4 5.Nxd4 Bg7 6.e4 d6 7.Be2 O-O 8.Be3 Nbd7
9.O-O Nc5 10.f3 Bd7 11.Qd2 Rc8 12.Rac1 b6 13.Rfd1 Qc7 14.b4 Ne6 15.Nd5 Qd8
16.Rc3 Nxd5 17.exd5 Nxd4 18.Bxd4 Bxd4+ 19.Qxd4 Rc7 20.Bf1 Re8 21.Rdc1 Qb8
22.Re1 Qb7 23.Qh4 Bc8 24.Qh6 b5 25.Re4 f5 26.Ree3 bxc4 27.h4 Qxd5 28.h5 Qf7
29.hxg6 hxg6 30.f4 d5 31.Rh3 Qg7 32.Qg5 Rc6 33.Rh6 Qxc3 34.Rxg6+ Rxg6 35.Qxg6+ Kf8  0-1

[Event "TCh-SRB 1st League"]
[Site "Vrnjacka Banja SRB"]
[Date "2010.08.21"]
[Round "1"]
[White "Rapport,R"]
[Black "Vuckovic,Bo"]
[Result "0-1"]
[WhiteElo "2534"]
[BlackElo "2623"]

1.Nf3 Nf6 2.c4 c5 3.Nc3 e6 4.g3 b6 5.Bg2 Bb7 6.O-O Be7 7.Re1 d6 8.e4 Nbd7
9.d4 cxd4 10.Nxd4 Qc7 11.Ncb5 Qb8 12.f4 a6 13.Nc3 h5 14.h3 Qc7 15.Be3 Rc8
16.Rc1 Qb8 17.Bf2 g6 18.Nd5 exd5 19.exd5 Kf8 20.b4 Ng8 21.g4 hxg4 22.hxg4 Bh4
23.Nc6 Bxf2+ 24.Kxf2 Bxc6 25.dxc6 Ndf6 26.g5 Ne8 27.Bd5 Ng7 28.Rh1 Rxh1 29.Qxh1 b5
30.Qh3 bxc4 31.Rxc4 Nf5 32.Re4 Nfe7 33.f5 Nxd5 34.f6 Qb6+ 35.Kf3 Qxc6 36.Qh8 Nxf6
37.gxf6 Qc3+  0-1

[Event "TCh-SRB 1st League"]
[Site "Vrnjacka Banja SRB"]
[Date "2010.08.22"]
[Round "2"]
[White "Arsovic,Z"]
[Black "Djuric,S"]
[Result "1/2-1/2"]
[WhiteElo "2446"]
[BlackElo "2424"]

1.Nf3 c5 2.c4 Nf6 3.Nc3 e6 4.g3 b6 5.Bg2 Bb7 6.O-O a6 7.b3 Be7 8.d4 cxd4
9.Qxd4 d6 10.Ba3 Nc6 11.Qd3 O-O 12.Rfd1 d5 13.Bxe7 Nxe7 14.Rac1 dxc4 15.Qxc4 Qe8
16.Qc7 Rb8 17.Ne5 Bxg2 18.Kxg2 b5 19.Nd7 Nxd7 20.Qxd7 h6 21.e3 a5 22.Qxe8 Rfxe8
23.Rd7 Rbc8 24.Ne2 Nd5 25.Ra7 Rxc1 26.Nxc1 Rc8 27.Nd3 Rc2 28.Rxa5 Nxe3+ 29.Kf3 Nd1
30.Ke4 Rd2 31.Rxb5 Rxa2  1/2-1/2

[Event "Centenary IM"]
[Site "Dun Laoghaire IRL"]
[Date "2010.08.26"]
[Round "6"]
[White "Moskow,E"]
[Black "Fitzsimons,D"]
[Result "1-0"]
[WhiteElo "2193"]
[BlackElo "2263"]

1.Nf3 c5 2.c4 Nf6 3.Nc3 e6 4.g3 b6 5.Bg2 Bb7 6.O-O Be7 7.d4 cxd4 8.Qxd4 d6
9.Bg5 O-O 10.Nb5 a6 11.Nc3 Nbd7 12.Rfd1 Qc7 13.Rac1 Rfd8 14.Bxf6 Nxf6 15.Nd2 Bxg2
16.Kxg2 Qb7+ 17.Nf3 b5 18.cxb5 axb5 19.b3 b4 20.Na4 Ne4 21.Rc4 d5 22.Rc2 Bf6
23.Ne5 Rdc8 24.Rdc1 Rxc2 25.Rxc2 Rc8 26.Qa7 Qa8 27.Qxf7+ Kh8 28.Nb6  1-0

[Event "TCh-SRB 1st League"]
[Site "Vrnjacka Banja SRB"]
[Date "2010.08.28"]
[Round "8"]
[White "Drazic,S"]
[Black "Perunovic,Mil"]
[Result "1-0"]
[WhiteElo "2535"]
[BlackElo "2558"]

1.c4 Nf6 2.Nc3 c5 3.Nf3 e6 4.d4 cxd4 5.Nxd4 Bb4 6.g3 Ne4 7.Qd3 Bxc3+ 8.bxc3 Nc5
9.Qe3 b6 10.Bg2 Bb7 11.Bxb7 Nxb7 12.Qe4 Nc6 13.Nxc6 dxc6 14.Qxc6+ Qd7 15.Qxd7+ Kxd7
16.Ba3 Rhc8 17.O-O-O+ Ke8 18.Rd4 Rc7 19.Rh4 h6 20.Rd1 Rac8 21.Rdd4 Na5 22.c5 b5
23.Bb4 Nc6 24.Rd6 a5 25.Ba3 Ne5 26.Rb6 Nc4 27.Rxb5 Nxa3 28.Rxa5 Rxc5 29.Rxa3 Rxc3+
30.Rxc3 Rxc3+ 31.Kb2 Rc5 32.a4 Kd7 33.Kb3 e5 34.Rc4 Rd5 35.Rc2 f5 36.Kb4 Rd1
37.a5 Ra1 38.Kb5 Rb1+ 39.Kc5 Ra1 40.Kb6 Rb1+ 41.Ka7 e4 42.e3 g6 43.h4 h5
44.Ka6 Kd6 45.Rc8 Rb2 46.Rg8 Rxf2 47.Rxg6+ Kc7 48.Kb5 Re2 49.Rg7+ Kb8 50.Kb6 Rb2+
51.Kc5 Rb3 52.Kd4 Rd3+ 53.Ke5 Rxe3 54.Kxf5 Re1 55.Kf4 e3 56.Kf3 Kc8 57.Rg5  1-0

[Event "9th Georgiev-Kesarovski Mem"]
[Site "Sunny Beach BUL"]
[Date "2010.08.30"]
[Round "3"]
[White "Hristov,P"]
[Black "Petrov,Pl"]
[Result "1/2-1/2"]
[WhiteElo "2015"]
[BlackElo "1868"]

1.Nf3 Nf6 2.c4 c5 3.Nc3 e6 4.e4 d6 5.d4 cxd4 6.Nxd4 Be7 7.Bg5 a6 8.h4 Nbd7
9.Qd2 h6 10.Be3 Ng4 11.g3 Nxe3 12.Qxe3 Qc7 13.f4 O-O 14.g4 Nb6 15.b3 d5 16.g5 h5
17.O-O-O dxc4 18.Kb2 cxb3 19.axb3 Bc5 20.e5 Bd7 21.Ne4 Bxd4+ 22.Rxd4 Nd5
23.Qd2 Rad8 24.Be2 g6 25.Rd1 Bc6 26.Nf6+ Kg7 27.Bf3 Qb6 28.Be4 a5 29.Bxd5 Bxd5
30.Nxd5 exd5 31.f5 gxf5 32.Rxd5 Rxd5 33.Qxd5 Qf2+ 34.Ka3 Qxh4 35.Qxb7 Qxg5
36.e6 Qf6 37.e7 Re8 38.Rg1+ Kh6 39.Re1 Qd6+ 40.Ka4 Qd4+ 41.Kxa5 Qc3+ 42.b4 Qxe1
43.Qc6+ Kg5 44.Qxe8 Kf6 45.Qh8+ Kxe7 46.Qxh5 Qa1+ 47.Kb6 Qd4+ 48.Ka5 Qa7+
49.Kb5 Qb7+ 50.Ka5 Qc7+ 51.Ka6 Qc6+  1/2-1/2

[Event "TCh-SRB 1st League"]
[Site "Vrnjacka Banja SRB"]
[Date "2010.08.30"]
[Round "10"]
[White "Stojanovic,Mih"]
[Black "Vuckovic,Bo"]
[Result "1/2-1/2"]
[WhiteElo "2557"]
[BlackElo "2623"]

1.Nf3 Nf6 2.c4 c5 3.Nc3 e6 4.g3 b6 5.Bg2 Bb7 6.O-O Be7 7.b3 d6 8.d4 cxd4
9.Nxd4 Bxg2 10.Kxg2 Qc8 11.Qd3 a6 12.Qf3 Ra7 13.Bb2 O-O 14.Rfd1 Rc7 15.Rac1 Rd8
16.Kg1 Nc6 17.Nxc6 Rxc6 18.Ne4  1/2-1/2

[Event "7th Malaysia Open"]
[Site "Kuala Lumpur MAS"]
[Date "2010.09.01"]
[Round "1"]
[White "Hetul,S"]
[Black "Ding Yixin"]
[Result "0-1"]
[WhiteElo "1956"]
[BlackElo "2379"]

1.c4 c5 2.Nc3 Nf6 3.Nf3 g6 4.d4 cxd4 5.Nxd4 Bg7 6.g3 Nc6 7.Bg2 O-O 8.O-O Nxd4
9.Qxd4 d6 10.Qd3 Bf5 11.e4 Be6 12.b3 Nd7 13.Bb2 a6 14.Rac1 Qa5 15.Qb1 Rfe8
16.Nd5 Bxb2 17.Qxb2 Rac8 18.f4 b5 19.cxb5 Bxd5 20.exd5 Qxb5 21.Rfe1 Rc5 22.Qf2 a5
23.Rxc5 Qxc5 24.Qxc5 Nxc5 25.Bf1 Kf8 26.Bc4 Rb8 27.Rb1 Na4 28.Rc1 Nb6 29.Rd1 Nxc4
30.bxc4 Rb2 31.a3 Rb3 32.Rc1 Rxa3 33.c5 dxc5 34.Rxc5 Ke8 35.Rc8+ Kd7 36.Rh8 h5
37.Rf8 f6 38.Rg8 Rd3 39.Rxg6 Rxd5 40.Rg8 Rd1+ 41.Kg2 Rd2+ 42.Kh3 Kc6 43.Rh8 Rd5
44.Re8 Kd6 45.Ra8 Rb5 46.g4 Ke6 47.Kh4 hxg4 48.Kxg4 Rb2 49.h4 Rg2+ 50.Kh5 Kf5
51.Rxa5+ Kxf4 52.Ra6 Kf5 53.Ra5+ e5 54.Kh6 Kf4 55.h5 e4 56.Ra4 f5 57.Kh7 Kf3
58.h6 e3 59.Ra3 f4 60.Kh8 Kf2 61.h7 Rh2 62.Kg7 e2 63.Ra2 f3 64.h8=Q Rxh8  0-1

[Event "ch-RUS Higher League"]
[Site "Irkutsk RUS"]
[Date "2010.09.02"]
[Round "7"]
[White "Rakhmanov,Ale"]
[Black "Belov,Vl"]
[Result "1/2-1/2"]
[WhiteElo "2590"]
[BlackElo "2625"]

1.c4 Nf6 2.Nc3 c5 3.Nf3 e6 4.g3 b6 5.Bg2 Bb7 6.O-O Be7 7.d4 cxd4 8.Qxd4 d6
9.Rd1 a6 10.Bg5 Nbd7 11.Rac1 O-O 12.Bxf6 Nxf6 13.Ng5 Bxg2 14.Kxg2 Qc7 15.f3 Rfd8
16.Qd3 Rac8 17.b3 Qb8 18.a4 h6 19.Nge4 Nd7 20.Qb1 Nc5 21.Nf2 Qb7 22.Rc2 Bf8
23.Rcd2 Be7 24.Nfe4 Qb8 25.Nf2 Bf6 26.Nfe4 Be7 27.Nf2 Bf6 28.Nfe4  1/2-1/2

[Event "7th LGA Premium Cup"]
[Site "Nuremberg GER"]
[Date "2010.09.02"]
[Round "1"]
[White "Reis,G"]
[Black "Myagkov,K"]
[Result "1-0"]
[WhiteElo "2225"]
[BlackElo "1795"]

1.Nf3 Nf6 2.c4 c5 3.Nc3 e6 4.g3 Nc6 5.Bg2 g6 6.d4 cxd4 7.Nxd4 Bg7 8.Ndb5 O-O
9.Bf4 Ne8 10.Qd2 a6 11.Nd6 Be5 12.Nxe8 Bxf4 13.Qxf4 Rxe8 14.O-O e5 15.Qh6 Nd4
16.Rfd1 d6 17.Qd2 Bf5 18.e3 Bg4 19.exd4 Bxd1 20.Rxd1 f5 21.Bxb7 Rb8 22.Bc6 Rf8
23.dxe5 dxe5 24.Qe3 Qc7 25.Rd7 Qxc6 26.Qa7 Qf6 27.Nd5 Qh8 28.Ne7+ Kf7 29.Nc6+ Kf6
30.h4 Rbe8 31.Rd6+  1-0

[Event "3rd Open"]
[Site "Sabadell ESP"]
[Date "2010.09.02"]
[Round "2"]
[White "Kovalyov,A"]
[Black "Rojas Keim,L"]
[Result "1-0"]
[WhiteElo "2601"]
[BlackElo "2455"]

1.c4 Nf6 2.Nf3 c5 3.Nc3 e6 4.g3 b6 5.Bg2 Bb7 6.O-O d6 7.d4 cxd4 8.Qxd4 a6
9.Rd1 Nbd7 10.Bg5 Be7 11.Qd2 O-O 12.Bf4 Ne8 13.Rac1 Rc8 14.b3 Qc7 15.Qe3 Qc5
16.Qd3 Qh5 17.h3 f5 18.Qe3 e5 19.Nxe5 Bxg2 20.Nxd7 Qxh3 21.f3 Rf7 22.Nd5 Bf6
23.Qe6 Rd8 24.Kf2 Qh2 25.N7xf6+ Nxf6 26.g4 Qh3 27.Nxf6+ gxf6 28.Rg1 Rd7 29.Rxg2  1-0

[Event "7th Malaysia Open"]
[Site "Kuala Lumpur MAS"]
[Date "2010.09.04"]
[Round "5"]
[White "Panggabean,H"]
[Black "Capel,E"]
[Result "0-1"]
[WhiteElo "2212"]
[BlackElo "2030"]

1.Nf3 Nf6 2.c4 c5 3.Nc3 d5 4.cxd5 Nxd5 5.g3 Nc6 6.Bg2 g6 7.O-O Bg7 8.Qb3 Nb6
9.d3 O-O 10.Bg5 h6 11.Be3 Nd4 12.Qd1 Bg4 13.Qd2 Kh7 14.Rac1 Bxf3 15.exf3 Rc8
16.f4 Qd7 17.b3 Rfd8 18.Ne4 Qf5 19.Qd1 Nd7 20.Re1 Qh5 21.Qxh5 gxh5 22.Nd2 Nc6
23.Bxc5 Bb2 24.Be4+ Kg8 25.Rc2 Nb4 26.Bxb4 Rxc2 27.d4 Rc1 28.Rxc1 Bxc1 29.Nf3 b6
30.Bc6 Nb8 31.Bb5 Kf8 32.f5 a5 33.Be1 Bb2 34.Bd2 Bxd4 35.Bxh6+ Kg8 36.Bf4 Bc5
37.Kf1 Bd6 38.Be3 Bc5 39.Bf4 Bd6 40.Bg5 Nd7 41.Nd4 Ne5 42.Be2 Bc5 43.Nb5 Ng4
44.h4 Rd5 45.Nc3 Rxf5 46.f3 Ne3+ 47.Ke1 Nc2+ 48.Kd2 Nd4 49.g4 Nxf3+ 50.Kd3 hxg4
51.Ke4 Re5+ 52.Kd3  0-1

[Event "9th Georgiev-Kesarovski Mem"]
[Site "Sunny Beach BUL"]
[Date "2010.09.05"]
[Round "9"]
[White "Filip,L"]
[Black "Popov,P"]
[Result "1/2-1/2"]
[WhiteElo "2470"]
[BlackElo "2240"]

1.Nf3 c5 2.c4 Nf6 3.Nc3 e6 4.g3 d5 5.cxd5 exd5 6.d4 Nc6 7.Bg2 Be7 8.O-O O-O
9.Be3 Ng4 10.Bf4 Be6 11.dxc5 Bxc5 12.Rc1 d4 13.Na4 Bd6 14.Nxd4 Bxf4 15.Nxe6 fxe6
16.Qxd8 Raxd8 17.gxf4 Rxf4 18.Bxc6 bxc6 19.b3 Rd2 20.Nc3 Rfd4 21.Rfd1 Nf6
22.Rxd2 Rxd2 23.Kf1 Kf7 24.Na4 Rxa2 25.Rxc6 Ne4 26.Nc5 Nxc5 27.Rxc5 Rb2 28.Rc7+ Kf6
29.Rb7 a6 30.e3 g5 31.Kg2 h6  1/2-1/2

[Event "9th Georgiev-Kesarovski Mem"]
[Site "Sunny Beach BUL"]
[Date "2010.09.05"]
[Round "9"]
[White "Golcman,E"]
[Black "Kosanovic,D"]
[Result "1/2-1/2"]
[WhiteElo "2270"]
[BlackElo "2324"]

1.c4 c5 2.Nc3 Nf6 3.Nf3 e6 4.g3 b6 5.Bg2 Bb7 6.O-O a6 7.d4 cxd4 8.Qxd4 d6
9.b3 Nbd7 10.Bb2 Be7 11.Rfd1 Qc7 12.Ng5 Bxg2 13.Kxg2 O-O 14.Nge4 Rfd8 15.f3 Nc5
16.Rac1 Ne8 17.Rc2 Rac8 18.Rcd2 Qb8 19.Nxc5 bxc5 20.Qe3 Qb7 21.Qe4 Qc7 22.Qc2 Rb8
23.Rd3 Qc6 24.Bc1 Rb7 25.e4 Bf6 26.Na4 Bd4 27.Bb2 e5 28.Nc3 Nc7 29.Nd5 Nxd5
30.cxd5 Qb5 31.Bxd4 exd4 32.Rc1 Re8 33.Rd2 a5 34.f4 f6 35.g4 Rbe7 36.Re1 Qb4
37.Rde2 a4 38.Qd3 axb3 39.axb3 Qb7 40.Qc4 g5 41.Kf3 gxf4 42.b4 d3 43.Rd2 cxb4
44.Rxd3 Rc7 45.Qd4 Qb5 46.Rb3 Rc4 47.Qxf6 Rcxe4 48.Qg5+  1/2-1/2

[Event "6th ch-EU"]
[Site "Arvier ITA"]
[Date "2010.09.06"]
[Round "3"]
[White "Agrest,E"]
[Black "Suba,M"]
[Result "1-0"]
[WhiteElo "2585"]
[BlackElo "2464"]

1.Nf3 c5 2.c4 Nf6 3.Nc3 e6 4.d4 cxd4 5.Nxd4 Bb4 6.g3 O-O 7.Bg2 d5 8.cxd5 Nxd5
9.Qb3 Nc6 10.Nxc6 bxc6 11.O-O Rb8 12.a3 Bd6 13.Qc2 Ba6 14.Ne4 Be7 15.Rd1 Qb6
16.Bf3 h6 17.b4 Bb5 18.Nc5 Bxc5 19.bxc5 Qa6 20.Rd4 e5 21.Rd2 Ba4 22.Qf5 Rfe8
23.e4 g6 24.Qg4 Nf6 25.Qh4 Nh7 26.Rd6 Qc4 27.Be3 h5 28.g4 hxg4 29.Qxg4 Qc3
30.Rc1 Qxa3 31.Bd1 Rbd8 32.Bh6 Kh8 33.Bxa4 Qxa4 34.Rb1 Qc4 35.Rb7 Rb8 36.Qd7 Rxb7
37.Qxe8+  1-0

[Event "TCh-ROU Superliga"]
[Site "Baile Herculane ROU"]
[Date "2010.09.06"]
[Round "3"]
[White "Balog,I1"]
[Black "Lupulescu,C"]
[Result "1/2-1/2"]
[WhiteElo "2513"]
[BlackElo "2617"]

1.c4 c5 2.Nf3 Nf6 3.Nc3 d5 4.cxd5 Nxd5 5.d4 Nxc3 6.bxc3 g6 7.e3 Bg7 8.Bd3 O-O
9.O-O Qc7 10.Ba3 b6 11.Be4 Bb7 12.Nd2 Nd7 13.Qf3 Bxe4 14.Nxe4 Qc6 15.h4 Qa4
16.Bb2 Rac8 17.h5 cxd4 18.exd4 Nf6 19.h6 Bxh6 20.Nxf6+ exf6 21.Qxf6 Rfe8
22.Qf3 Qc2 23.Rab1 Rcd8 24.a3 Re2 25.Ba1 Qa2 26.d5 Bg7 27.Rbd1 Re7 28.Rd3 Qxa3
29.c4 Qc5 30.Bf6 Bxf6 31.Qxf6 Qd6 32.Qa1 Rc8 33.Rd4 a5 34.g3 Re2 35.Rf4 Re5
36.Rb1 Rce8 37.Kg2 g5 38.Rf3 Qc5 39.Qc3 Re4  1/2-1/2

[Event "132nd ch-New York State"]
[Site "Colonie USA"]
[Date "2010.09.06"]
[Round "5"]
[White "Bauza Mercere,Eduardo"]
[Black "Henner,P"]
[Result "0-1"]
[WhiteElo "1846"]
[BlackElo "1813"]

1.Nf3 Nf6 2.c4 c5 3.Nc3 g6 4.d4 cxd4 5.Nxd4 Bg7 6.e4 Nc6 7.Be3 d6 8.Be2 O-O
9.O-O Bd7 10.Rc1 Nxd4 11.Bxd4 Bc6 12.f3 Bh6 13.Rc2 Nh5 14.g3 Qc8 15.f4 Ng7
16.g4 Ne6 17.Be3 Nc5 18.g5 Bg7 19.Bg4 Qc7 20.Nd5 Bxd5 21.cxd5 Qa5 22.Bd4 Qxa2
23.Bxg7 Kxg7 24.Qd4+ Kg8 25.Rfc1 Nb3 26.Qc3 Nxc1 27.Rxc1 Qa4 28.Qd3 Qb4 29.Rc7 Qb6+  0-1

[Event "7th Malaysia Open"]
[Site "Kuala Lumpur MAS"]
[Date "2010.09.06"]
[Round "8"]
[White "Laxman,R"]
[Black "Udani,I"]
[Result "0-1"]
[WhiteElo "2498"]
[BlackElo "2255"]

1.Nf3 Nf6 2.c4 g6 3.Nc3 c5 4.e4 d6 5.d4 cxd4 6.Nxd4 Nc6 7.Be2 Bg7 8.Be3 O-O
9.O-O Nxd4 10.Bxd4 Bd7 11.Rc1 Bc6 12.f3 a5 13.b3 Nd7 14.Bxg7 Kxg7 15.Qd4+ f6
16.Nd5 e5 17.Qd2 Bxd5 18.Qxd5 Qb6+ 19.Kh1 Nc5 20.Rcd1 Rad8 21.f4 Qc6 22.fxe5 dxe5
23.Qxd8 Rxd8 24.Rxd8 Qxe4 25.Bf3 Qc2 26.Rd5 b6 27.Rd6 Qxa2 28.Rxb6 e4 29.Bd1 e3
30.Rbxf6 e2 31.R1f4  0-1

[Event "12th Open"]
[Site "Trieste ITA"]
[Date "2010.09.08"]
[Round "6"]
[White "Kuzubov,Y"]
[Black "Kovchan,A"]
[Result "1-0"]
[WhiteElo "2628"]
[BlackElo "2562"]

1.Nf3 Nf6 2.c4 c5 3.Nc3 g6 4.e4 d6 5.d4 cxd4 6.Nxd4 Bg7 7.Be2 Nc6 8.Be3 O-O
9.O-O Bd7 10.Qd2 Nxd4 11.Bxd4 Bc6 12.f3 a5 13.Rac1 Nd7 14.Be3 a4 15.Nd5 Nc5
16.Rc2 Re8 17.Rb1 Qa5 18.Qd1 Bxd5 19.cxd5 Rec8 20.Qd2 Qxd2 21.Bxd2 a3 22.bxa3 Rxa3
23.Bb4 Raa8 24.Kf1 Na6 25.Rxc8+ Rxc8 26.Be1 Nc5 27.Rc1 Ra8 28.Rc2 Bd4 29.Bb5 Ra3
30.Bb4 Ra8 31.Ke2 h5 32.a3 h4 33.g3 hxg3 34.hxg3 f5 35.exf5 gxf5 36.Rd2 Nb3
37.Rd1 Bc5 38.Bc3 Rxa3 39.Bd7 b5 40.Bxb5 Ra2+ 41.Kd3 Bf2 42.Rh1 Kf7 43.Rh7+ Kg6
44.Rh8 Bd4 45.Bxd4 Rd2+ 46.Kc3 Rxd4 47.Kxb3 Rxd5 48.Bc4 Rd2 49.Rg8+ Kf6 50.f4 e5
51.Rf8+ Kg6 52.Be6 exf4 53.gxf4 Rd4 54.Rxf5 Re4 55.Bd7 Re7 56.Rg5+ Kf6 57.Bg4 Re3+
58.Kc2 Rg3 59.Kd2 d5 60.Ke2 d4 61.Kf2 Re3 62.Rd5 Re4 63.Kg3 Re3+ 64.Bf3  1-0

[Event "6th ch-EU"]
[Site "Arvier ITA"]
[Date "2010.09.10"]
[Round "7"]
[White "Caprio,G"]
[Black "Grant,J"]
[Result "1-0"]
[WhiteElo "2265"]
[BlackElo "2210"]

1.Nf3 Nf6 2.c4 c5 3.Nc3 e6 4.g3 b6 5.Bg2 Bb7 6.O-O Be7 7.Re1 a6 8.e4 d6 9.d4 cxd4
10.Nxd4 Qc7 11.Be3 Nbd7 12.Rc1 Nc5 13.b4 Ncxe4 14.Nxe4 Nxe4 15.Bf4 g5 16.Qh5 O-O
17.Rxe4 gxf4 18.Rxe6 f5 19.Rg6+ Kh8 20.Ne6 Rf7 21.Nxc7 Bxg2 22.Rh6 Kg8 23.Kxg2 Ra7
24.Ne6 fxg3 25.Rxh7 Bf6 26.Qg6+ Bg7 27.hxg3 Rfe7 28.Rch1  1-0

[Event "6th ch-EU"]
[Site "Arvier ITA"]
[Date "2010.09.10"]
[Round "7"]
[White "Agrest,E"]
[Black "Llanes Hurtado,M"]
[Result "1/2-1/2"]
[WhiteElo "2585"]
[BlackElo "2474"]

1.Nf3 c5 2.c4 Nf6 3.Nc3 d5 4.cxd5 Nxd5 5.d4 cxd4 6.Qxd4 Nxc3 7.Qxc3 Nc6 8.e4 e6
9.Bb5 Bd7 10.O-O Qb6 11.a4 Qc5 12.Qd2 Qd6 13.Qe2 Qc7 14.Bg5 a6 15.Bd3 h6
16.Be3 Bd6 17.Rfc1 O-O 18.a5 Qb8 19.Rd1 Ne5 20.Nxe5 Bxe5 21.Bxa6 bxa6 22.Rxd7 Qxb2
23.Qxb2 Bxb2 24.Rad1 f5 25.f3 fxe4 26.fxe4 Bc3 27.Bb6 Rf4 28.Rc7 Be5 29.Rc4 Raf8
30.Be3 Rg4 31.h3 Rg3 32.Bb6 Rf6 33.Rc2 Rfg6 34.Kf1 Ra3 35.Rf2 Rf6  1/2-1/2

[Event "6th ch-EU"]
[Site "Arvier ITA"]
[Date "2010.09.12"]
[Round "9"]
[White "Agrest,E"]
[Black "Calzetta Ruiz,M"]
[Result "1-0"]
[WhiteElo "2585"]
[BlackElo "2280"]

1.Nf3 Nf6 2.c4 c5 3.Nc3 g6 4.d4 cxd4 5.Nxd4 Nc6 6.Nc2 Bg7 7.g3 d6 8.Bg2 Be6
9.Ne3 Qd7 10.Ncd5 h5 11.h3 Ne5 12.f4 Nc6 13.Bd2 Bxd5 14.cxd5 Nd4 15.a4 Rc8
16.Bc3 Nf5 17.Nf1 O-O 18.Qd3 Rxc3 19.bxc3 Rc8 20.Ra3 Qc7 21.e4 Nh6 22.Nd2 Nd7
23.Ke2 Nc5 24.Qc4 a6 25.Re1 Qd7 26.Kf1 f5 27.e5 Ne4 28.Qd3 Nxd2+ 29.Qxd2  1-0

[Event "Open"]
[Site "Livigno ITA"]
[Date "2010.09.16"]
[Round "7"]
[White "Stella,A"]
[Black "Bove,A"]
[Result "1/2-1/2"]
[WhiteElo "2334"]
[BlackElo "2397"]

1.Nf3 Nf6 2.c4 e6 3.Nc3 c5 4.e4 d6 5.d4 cxd4 6.Nxd4 Be7 7.Be2 O-O 8.O-O a6
9.Be3 Qc7 10.Rc1 b6 11.Qd2 Bb7 12.f3 Nbd7 13.Rfd1 Rac8 14.b4 Qb8 15.Nb3 Rfe8
16.a3 Bd8 17.Bf4 Ne5 18.Bxe5 dxe5 19.c5 Nh5 20.c6 Bxc6 21.Bxa6 Rc7 22.Nb5 Bxb5
23.Bxb5 Rxc1 24.Nxc1 Rf8 25.Qd6 Bg5 26.Qxb8  1/2-1/2

[Event "EYCC Girls U18"]
[Site "Batumi GEO"]
[Date "2010.09.21"]
[Round "2"]
[White "Kazimova,N"]
[Black "Rizhamadze,P"]
[Result "1/2-1/2"]
[WhiteElo "2260"]
[BlackElo "2018"]

1.Nf3 Nf6 2.c4 e6 3.Nc3 c5 4.g3 Nc6 5.Bg2 Be7 6.O-O O-O 7.d4 cxd4 8.Nxd4 a6
9.e4 Nxd4 10.Qxd4 d6 11.b3 Qc7 12.Bb2 Rd8 13.Rac1 Bd7 14.a3 Rac8 15.h3 Qb8
16.Kh2 Bc6 17.f4 Bf8 18.f5 e5 19.Qd2 b5 20.Nd5 Bxd5 21.cxd5 Rxc1 22.Rxc1 Rc8
23.Rc6 Rxc6 24.dxc6 Qb6 25.Qc3 Ne8 26.Bc1 Qc5 27.Bd2 Nc7 28.Qxc5 dxc5 29.Ba5 Bd6
30.Bf1 Kf8 31.a4 Ke7 32.Bxc7 Bxc7 33.axb5 axb5 34.Bxb5 Kd6 35.Kg2 f6 36.Kf3 Ba5
37.Ke2 Bb4 38.g4 h6 39.h4 Bc3 40.g5 hxg5 41.hxg5 fxg5 42.Kf3 Ba5 43.Kg4 Bd8
44.Kh5 Bf6 45.Kg4 Bd8 46.Kh5 Kc7 47.Kg6 Bf6 48.Kh5 Kb6 49.Kg4 Bd8 50.Bc4 Kxc6
51.Bd5+ Kb5 52.Bc4+ Kb4 53.Bd5 Kc3 54.Bc4  1/2-1/2